Alfabeto huasteco de Veracruz (Record no. 202017)

MARC details
000 -CABECERA
campo de control de longitud fija 00769cam a2200253 a 4500
005 - FECHA Y HORA DE LA ÚLTIMA TRANSACCIÓN
campo de control 20231003133806.0
008 - ELEMENTOS DE LONGITUD FIJA--INFORMACIÓN GENERAL
campo de control de longitud fija 190401s1997 mx a br 000 0 nai d
035 ## - NÚMERO DE CONTROL DEL SISTEMA
Número de control de sistema UPN01000229922
040 ## - FUENTE DE LA CATALOGACIÓN
Centro catalogador/agencia de origen MX-MxUPN
Lengua de catalogación spa
041 ## - CÓDIGO DE IDIOMA
Código de lengua del texto/banda sonora o título independiente nai
050 #4 - SIGNATURA TOPOGRÁFICA DE LA BIBLIOTECA DEL CONGRESO
Número de clasificación PM3831 Z4
Número de documento/Ítem S26 1997
100 1# - ASIENTO PRINCIPAL--NOMBRE PERSONAL
Nombre de persona Santiago T., Leocadio
9 (RLIN) 49555
100 1# - ASIENTO PRINCIPAL--NOMBRE PERSONAL
Nombre de persona Mateos del A., Uzziel
9 (RLIN) 49556
245 10 - MENCIÓN DE TÍTULO
Título Alfabeto huasteco de Veracruz
246 05 - FORMA VARIANTE DE TÍTULO
Título propio/Titulo breve Alfabeto del idioma huasteco de Veracruz
250 ## - MENCIÓN DE EDICIÓN
Mención de edición Primera edición
260 ## - PUBLICACIÓN, DISTRIBUCIÓN, ETC.
Lugar de publicación, distribución, etc. México, D.F. :
Nombre del editor, distribuidor, etc. Instituto Lingüístico de Verano,
Fecha de publicación, distribución, etc. 1997.
300 ## - DESCRIPCIÓN FÍSICA
Extensión [7] páginas :
Otras características físicas ilustraciones
650 #7 - ASIENTO SECUNDARIO DE MATERIA - TERMINO TEMATICO
Término de materia o nombre geográfico como elemento de entrada Huasteco
Subdivisión general Alfabeto
Fuente del encabezamiento o término
9 (RLIN) 49557
902 ## - ELEMENTOS DE DATOS B LOCAL, LDB (RLIN)
Modificó VíctorGodínez/070723
905 ## - TIPO DE MATERIAL
Tipo de material Folleto
942 ## - ELEMENTOS DE PUNTO DE ACCESO ADICIONAL (KOHA)
Fuente del sistema de clasificación o colocación Library of Congress Classification
Tipo de ítem Koha Folleto
Holdings
Estado de retiro Estado de pérdida Fuente del sistema de clasificación o colocación Estado dañado No para préstamo Código de colección Localización permanente Ubicación/localización actual Ubicación en estantería Fecha de adquisición Clasificación Código de barras Fecha visto por última vez Tipo de ítem Koha
    Library of Congress Classification   Disponible (Préstamo en sala) Folletería Bib. Gregorio Torres Quintero Bib. Gregorio Torres Quintero Colecciones especiales Planta alta 07/07/2023 PM3831 Z4 S26 1997 330378 31/12/2020 Folleto